LEADER 00630nam0 2200229 450 001 000006019 005 20051028093048.0 010 $a88-141-0328-3 100 $a20051028d2003----km-y0itay50------ba 101 0 $aita 102 $aIT 105 $ay-------001yy 200 1 $aIntroduzione alla bioetica$fMichele Aramini 205 $a2. ed. 210 $aMilano$cGiuffrè$d2003 215 $aXVI, 591 p.$d23 cm 700 1$aAramini,$bMichele$0269095 801 0$aIT$bUNIPARTHENOPE$c20051028$gRICA$2UNIMARC 912 $a000006019 951 $aC-0020$b36475$cNAVA3 996 $aIntroduzione alla bioetica$9678968 997 $aUNIPARTHENOPE LEADER 01538nam 2200445 450 001 996464536403316 005 20220924223227.0 010 $a9783658362119$b(electronic bk.) 010 $z9783658362102 035 $a(MiAaPQ)EBC6882555 035 $a(Au-PeEL)EBL6882555 035 $a(CKB)21069308400041 035 $a(PPN)260832022 035 $a(EXLCZ)9921069308400041 100 $a20220924d2022 uy 0 101 0 $aeng 135 $aurcnu|||||||| 181 $ctxt$2rdacontent 182 $cc$2rdamedia 183 $acr$2rdacarrier 200 10$aAlgorithm-driven truss topology optimization for additive manufacturing /$fChristian Reintjes 210 1$aWiesbaden, Germany :$cSpringer Fachmedien Wiesbaden GmbH,$d[2022] 210 4$d©2022 215 $a1 online resource (219 pages) 311 08$aPrint version: Reintjes, Christian Algorithm-Driven Truss Topology Optimization for Additive Manufacturing Wiesbaden : Springer Fachmedien Wiesbaden GmbH,c2022 9783658362102 320 $aIncludes bibliographical references. 606 $aComputer-aided design 606 $aMathematical optimization 606 $aTrusses 615 0$aComputer-aided design. 615 0$aMathematical optimization. 615 0$aTrusses. 676 $a670.285 700 $aReintjes$b Christian$01081876 801 0$bMiAaPQ 801 1$bMiAaPQ 801 2$bMiAaPQ 912 $a996464536403316 996 $aAlgorithm-Driven Truss Topology Optimization for Additive Manufacturing$92596839 997 $aUNISA